| 000 | 00547nam a2200193 a 4500 | ||
|---|---|---|---|
| 001 | 000028477 | ||
| 003 | DO-SdBNP | ||
| 005 | 20230202122303.0 | ||
| 007 | ta | ||
| 008 | 110408s2010 dr a 000 | spa d | ||
| 040 |
_aDO-SdBNP _bspa _cBNPHU |
||
| 049 | _aBNPD | ||
| 082 | 4 |
_bC387c _222 |
|
| 100 | 1 |
_aCeballos, José _950031 |
|
| 245 | 1 | 0 |
_aCasa comunitaria de justicia : _bpara cobijar nuestros derechos / _cJosé Ceballos. |
| 260 |
_aSanto Domingo : _bParticipación Ciudadana, _c2010. |
||
| 300 |
_a36 p. : _bil. ; _c22 cm. |
||
| 942 |
_2ddc _cLBS1 |
||
| 999 |
_c27969 _d27969 |
||